| 000 | 01088cam a22002891 4500 | ||
|---|---|---|---|
| 001 | 14989 | ||
| 003 | BD-RjUL | ||
| 005 | 20211208235729.0 | ||
| 008 | 140209r19619999nyua b 001 0 eng | ||
| 035 | _a(BD-RjUL)15043 | ||
| 035 | _a(OCoLC)565482 | ||
| 040 |
_aDLC _cODaWU _dOCoLC _dDLC _dBD-RjUL _beng |
||
| 041 | _aeng | ||
| 082 |
_a621.31921 _222 _bGAT 1961 |
||
| 100 | 1 |
_aGardner, Murray Frank, _d1897- _946650 |
|
| 245 | 1 | 0 |
_aTransients in linear systems studied by the Laplace transformation / _cMurray F. Gardner ... and John L. Barnes ... _nVOLUME I _pLumped-Constant Systems |
| 260 |
_aNew York ; _bJ. Wiley & Sons, inc.; _aLondon : _bChapman & Hall, limited, _cc1942 [ Reprinted 1961]. |
||
| 300 |
_aix, 389 p. : _bill. tables, diagrs. ; _c24 cm. |
||
| 504 | _aBibliography: v. 1, p. 367-382. and index. | ||
| 505 | 1 | _aI. Lumped-constant systems. | |
| 650 | 0 |
_aTransients (Electricity) _940053 |
|
| 650 | 0 |
_aTransformations (Mathematics) _920245 |
|
| 700 | 1 |
_aBarnes, John Landes, _d1906- _ejoint author. _946651 |
|
| 942 |
_2ddc _cBK |
||
| 999 |
_c14989 _d14989 |
||